000 00823cam a2200289 a 4500
999 _c11577
_d11577
001 11577
003 BDJhCC
005 20200331134008.0
008 200330s19942016enk b 000 0 eng
020 _a9780143426905
035 _a(BDJhCC)11577
040 _aDLC
_cDLC
_dBTS
_dUKM
_dMYG
_dBDJhCC
049 _aMYGG
050 0 0 _aPR2825.A2
_bH34 1993
082 _a822.33
_bSHA 1994
090 _aPR2754.O9
_bM46 1993
099 _aPR2754.O9.M46 1993
100 1 _aShakespeare, William,
_d1564-1616.
245 1 4 _aTwelfth Night /
_cWilliam Shakespeare
260 _aUSA :
_bPenguin Books,
_c1994.
300 _a126 p. :
_c20 cm.
440 _aPenguin Popular Classics
504 _aincludes Glossary
650 _aEnglish drama
800 1 _aShakespeare, William,
_d1564-1616.
_tWorks.
_f1982.
942 _2ddc
_cBK
_02